Psychosociálne aspekty dlhodobej nezamestnanosti

Analýza dopadu dlhodobej nezamestnanosti na psychiku nezamestnaného. Sociálne a personálne dôsledky nezamestnanosti. Spoločenské prepojenie zamestnaných a nezamestnaných. Psychologicko-sociálny kontakt s nezamestnanými. Aktualizácia koncepcie práce s nezamestnanými. Situácia na trhu práce a zostavov...

Description complète

Enregistré dans:
Détails bibliographiques
Auteur principal: Polakovičová, Drahomíra
Format: Chapitre de livre
Langue:slovaque
Sujets:
Tags: Ajouter un tag
Pas de tags, Soyez le premier à ajouter un tag!

MARC

LEADER 00000naa$a2200000$$$4500
001 0107579
005 20231010125107.6
041 0 |a slo 
044 |a SK 
245 1 0 |a Psychosociálne aspekty dlhodobej nezamestnanosti  |c Drahomíra Polakovičová 
520 |a Analýza dopadu dlhodobej nezamestnanosti na psychiku nezamestnaného. Sociálne a personálne dôsledky nezamestnanosti. Spoločenské prepojenie zamestnaných a nezamestnaných. Psychologicko-sociálny kontakt s nezamestnanými. Aktualizácia koncepcie práce s nezamestnanými. Situácia na trhu práce a zostavovanie rekvalifikačných programov. 
610 2 0 |a nezamestnaní 
610 2 0 |a nezamestnanosť dlhodobá 
610 2 0 |a dôsledky sociálne 
610 2 0 |a trh práce 
610 2 0 |a schopnosti pracovné 
610 2 0 |a rekvalifikácia 
100 1 |a Polakovičová, Drahomíra